000 00884nam a2200241Ia 4500
003 OSt
005 20220925204809.0
006 a|||||r|||| 00| 0
007 ta
008 220923b |||||||| |||| 00| 0 eng d
020 _a9788188789269
_c510
037 _bG-4655/11-12, 27/03/2012, Manohar Publishers & Distributors
_cGeneral Book
040 _aRTL
_cRTL
_beng
041 _2eng
_aeng
082 _aY15:356(NR).29S.N9<--H, Q2
100 _aTrivedi Madhu
_9268964
245 0 _aEmergence of the hindustani tradition
_b Music, dance and drama in North India, 13th to 19th Centuries
260 _aGurgaon
_bThree essays collective
_c2012
300 _a205p.
_ccm.
650 _aSociology
942 _hY15:356(NR).29S.N9<--H, Q2
_cGB
_2CC
999 _c550437
_d550437